Rivers over 1000 Miles (1609 KM) Long - Sudden Death - Statistics

General Stats
  • This quiz has been taken 41 times
  • The average score is 9 of 18
Answers on the Grid
Answers color-coded by a green-red scale on the quiz's grid according to % correct below.
MISSOURI
CONGO
COLORADO
VISTULA
SEINE
PEARL
MISSISSIPPI
KANSAS
HAN
YENISEI
LENA
MURRAY
THAMES
VOLGA
PARANA
NILE
GAMBIA
AMAZON
DNEISTER
MILK
MACKENZIE
YANGTZE
YELLOW
IRRAWADDY
VOLTA
RIO GRANDE
DARLING
RHINE
BRAHMAPUTRA
OB
 
Answer Stats
Answer % Correct
CONGO
75%
MISSISSIPPI
71%
AMAZON
64%
MISSOURI
61%
NILE
61%
YELLOW
61%
COLORADO
57%
YANGTZE
57%
VOLGA
50%
MACKENZIE
43%
RIO GRANDE
39%
YENISEI
39%
OB
36%
LENA
32%
PARANA
32%
BRAHMAPUTRA
29%
MURRAY
25%
IRRAWADDY
21%
No matching quizzes found
Score Distribution
Percent of People with Each Score
Percentile by Number Answered
Your Score History
You have not taken this quiz